000 00738nam a2200253Ia 4500
003 OSt
005 20220926013537.0
006 a|||||r|||| 00| 0
007 ta
008 220923b |||||||| |||| 00| 0 eng d
037 _cGeneral Book
040 _aRTL
_cRTL
_beng
041 _2eng
_aeng
082 _aY:5.791.N7, L6
100 _aViel Benjamin
_9318532
245 0 _aDemographic explosion
_b The Latin American experien
260 _aNew York
_bIrvington
_c1976
300 _axiii,249p
_ccm.
490 _aIrvington Population and Demography Series
500 _aBibliography: p 235-241
650 _aDemography
942 _hY:5.791.N7, L6
_cGB
_2CC
999 _c626203
_d626203